000 00501nam a2200169 i 4500
001 73739
003 ES-MaACL
005 20230906171917.0
007 t|
008 040910s1975 sp ||||1| spa d
100 0 _aGómez-Tabanera, José Manuel,
_d1926-2011
_958165
245 1 3 _aLa Edad de Piedra en la cuenca del bajo Nalón /
_cJ.M. Gómez-Tabanera.
260 _aOviedo :
_b[s.n.,
_c1985]
300 _a15 h. :
_bil. ;
_c22 cm.
852 _aES-MaACL
_j2101-F-6
_bR.92704
999 _c73739
_d73739